<?xml version="1.0" encoding="UTF-8"?><?xml-stylesheet type="text/xsl" href="static/style.xsl"?><OAI-PMH xmlns="http://www.openarchives.org/OAI/2.0/" xmlns:xsi="http://www.w3.org/2001/XMLSchema-instance" xsi:schemaLocation="http://www.openarchives.org/OAI/2.0/ http://www.openarchives.org/OAI/2.0/OAI-PMH.xsd"><responseDate>2026-06-01T12:31:51Z</responseDate><request verb="GetRecord" identifier="oai:riuma.uma.es:10630/13770" metadataPrefix="marc">https://riuma.uma.es/rest/oai/request</request><GetRecord><record><header><identifier>oai:riuma.uma.es:10630/13770</identifier><datestamp>2026-05-07T10:18:34Z</datestamp><setSpec>com_10630_2254</setSpec><setSpec>col_10630_37959</setSpec></header><metadata><record xmlns="http://www.loc.gov/MARC21/slim" xmlns:dcterms="http://purl.org/dc/terms/" xmlns:doc="http://www.lyncode.com/xoai" xmlns:xsi="http://www.w3.org/2001/XMLSchema-instance" xsi:schemaLocation="http://www.loc.gov/MARC21/slim http://www.loc.gov/standards/marcxml/schema/MARC21slim.xsd">
   <leader>00925njm 22002777a 4500</leader>
   <datafield ind2=" " ind1=" " tag="042">
      <subfield code="a">dc</subfield>
   </datafield>
   <datafield ind2=" " ind1=" " tag="720">
      <subfield code="a">De-la-Rosa-Moreno, María Lourdes</subfield>
      <subfield code="e">author</subfield>
   </datafield>
   <datafield ind2=" " ind1=" " tag="260">
      <subfield code="c">2017</subfield>
   </datafield>
   <datafield ind2=" " ind1=" " tag="520">
      <subfield code="a">Trabajar como docente de alumnado perteneciente a grupos no dominantes en la escuela supone, entre otros, dos tipos de retos: uno, superar no solo el desconocimiento, sino las frecuentes generalizaciones, prejuicios, tergiversaciones, reduccionismos… que es frecuente tener con respecto a estas personas, lo que desenfoca y limita la eficacia de la acción educativa; por otro lado, es una necesidad el que el alumnado maneje algunos recursos de investigación cualitativa en el desempeño profesional. En este texto se expone una práctica educativa donde el alumnado de Educación Primaria realiza Historias de Vida por medio de entrevistas cara a cara a personas adultas pertenecientes a dichos grupos. Esta metodología pretende colaborar a los dos desafíos inicialmente planteados.</subfield>
   </datafield>
   <datafield ind1="8" ind2=" " tag="024">
      <subfield code="a">http://hdl.handle.net/10630/13770</subfield>
   </datafield>
   <datafield ind1="8" ind2=" " tag="024">
      <subfield code="a">0000-0002-0022-3007</subfield>
   </datafield>
   <datafield tag="653" ind2=" " ind1=" ">
      <subfield code="a">Profesores - Formación profesional</subfield>
   </datafield>
   <datafield ind2="0" ind1="0" tag="245">
      <subfield code="a">Conocer al futuro alumnado mediante la construcción de historias de vida de personas adultas</subfield>
   </datafield>
</record>
</metadata></record></GetRecord></OAI-PMH>